<?xml version="1.0" encoding="UTF-8"?>
<record
    xmlns:xsi="http://www.w3.org/2001/XMLSchema-instance"
    xsi:schemaLocation="http://www.loc.gov/MARC21/slim http://www.loc.gov/standards/marcxml/schema/MARC21slim.xsd"
    xmlns="http://www.loc.gov/MARC21/slim">

  <leader>00418nam a22001097a 4500</leader>
  <datafield tag="082" ind1=" " ind2=" ">
    <subfield code="a">344.0095491</subfield>
    <subfield code="b">PLC</subfield>
  </datafield>
  <datafield tag="245" ind1=" " ind2=" ">
    <subfield code="a">Pakistan Labour Cases 1995 :</subfield>
    <subfield code="b">A Journal of Civil Services &amp; Labour Laws /</subfield>
    <subfield code="c">Founded by Malik Mir Muhammad and Edited by Muhammad Azhar Saeed et all</subfield>
  </datafield>
  <datafield tag="260" ind1=" " ind2=" ">
    <subfield code="a">Lahore :</subfield>
    <subfield code="b">PLD Publishers,</subfield>
    <subfield code="c">1995.</subfield>
  </datafield>
  <datafield tag="300" ind1=" " ind2=" ">
    <subfield code="a">Vol: 1. 761, Vol: 2. 640 and Vol: 3. 804 p. ;</subfield>
    <subfield code="c">23cm.</subfield>
  </datafield>
  <datafield tag="563" ind1=" " ind2=" ">
    <subfield code="a">HB.</subfield>
  </datafield>
  <datafield tag="942" ind1=" " ind2=" ">
    <subfield code="2">ddc</subfield>
    <subfield code="c">CR</subfield>
    <subfield code="s">1</subfield>
  </datafield>
  <datafield tag="999" ind1=" " ind2=" ">
    <subfield code="c">595231</subfield>
    <subfield code="d">595231</subfield>
  </datafield>
  <datafield tag="952" ind1=" " ind2=" ">
    <subfield code="0">0</subfield>
    <subfield code="1">0</subfield>
    <subfield code="2">ddc</subfield>
    <subfield code="4">0</subfield>
    <subfield code="7">0</subfield>
    <subfield code="a">NLS</subfield>
    <subfield code="b">NLS</subfield>
    <subfield code="c">LAW</subfield>
    <subfield code="d">2023-07-12</subfield>
    <subfield code="e">PLD Publishers</subfield>
    <subfield code="h">Vol. XXXVI, No. 1</subfield>
    <subfield code="o">344.0095491 PLC</subfield>
    <subfield code="p">CL-L-1294</subfield>
    <subfield code="r">2023-07-12</subfield>
    <subfield code="w">2023-07-12</subfield>
    <subfield code="y">REF</subfield>
  </datafield>
  <datafield tag="952" ind1=" " ind2=" ">
    <subfield code="0">0</subfield>
    <subfield code="1">0</subfield>
    <subfield code="2">ddc</subfield>
    <subfield code="4">0</subfield>
    <subfield code="7">0</subfield>
    <subfield code="a">NLS</subfield>
    <subfield code="b">NLS</subfield>
    <subfield code="c">LAW</subfield>
    <subfield code="d">2023-07-12</subfield>
    <subfield code="e">PLD Publishers</subfield>
    <subfield code="h">Vol. XXXVI, No. 2</subfield>
    <subfield code="o">344.0095491 PLC</subfield>
    <subfield code="p">CL-L-1295</subfield>
    <subfield code="r">2023-07-12</subfield>
    <subfield code="w">2023-07-12</subfield>
    <subfield code="y">REF</subfield>
  </datafield>
  <datafield tag="952" ind1=" " ind2=" ">
    <subfield code="0">0</subfield>
    <subfield code="1">0</subfield>
    <subfield code="2">ddc</subfield>
    <subfield code="4">0</subfield>
    <subfield code="7">0</subfield>
    <subfield code="a">NLS</subfield>
    <subfield code="b">NLS</subfield>
    <subfield code="c">LAW</subfield>
    <subfield code="d">2023-07-12</subfield>
    <subfield code="e">PLD Publishers</subfield>
    <subfield code="h">Vol. XXXVI, No. 3</subfield>
    <subfield code="o">344.0095491 PLC</subfield>
    <subfield code="p">CL-L-1296</subfield>
    <subfield code="r">2023-07-12</subfield>
    <subfield code="w">2023-07-12</subfield>
    <subfield code="y">REF</subfield>
  </datafield>
</record>
